| 000 | 00469nam a22001817a 4500 | ||
|---|---|---|---|
| 003 | CEME | ||
| 005 | 20210628203503.0 | ||
| 008 | 210121b xxu||||| |||| 00| 0 eng d | ||
| 020 | _a0-471-20674-1 | ||
| 040 | _c. | ||
| 082 | _a332.024 BRO | ||
| 100 |
_aBrown Jesse B, Brown, Jesse B _965761 |
||
| 245 | _a101 real money questions | ||
| 260 |
_aUSA _bJOHN WILEY & SONS _c2003 |
||
| 300 | _aXV,188P | ||
| 650 |
_aFINANCE-PERSONAL-QUESTIONS _965762 |
||
| 942 |
_cBK _2ddc |
||
| 999 |
_c573879 _d573879 |
||